|
|
|
|
| LEADER |
00000nam a2200000 a 4500 |
| 001 |
vtls001467351 |
| 003 |
SK-MaSNL |
| 005 |
20260331204225.0 |
| 008 |
240226s2003 xo a slo |
| 015 |
|
|
|a SNBA2004/08-04672
|
| 020 |
|
|
|a 8088817390
|c 999,00 Sk
|
| 035 |
|
|
|a SNK000422656
|
| 035 |
|
|
|a urn:nbn:sk:snk-amyf9d
|
| 035 |
|
|
|a urn:nbn:sk:snk-am00cep1
|
| 035 |
|
|
|a B862DA00-66EB-4C0E-B994-6B19B7A1C7C8
|
| 040 |
|
|
|a SNK
|b slo
|c SNK
|e AACR2
|
| 041 |
0 |
|
|a slo
|
| 043 |
|
|
|a e-xo---
|
| 044 |
|
|
|a xo
|c SK
|
| 072 |
|
7 |
|a 72
|2 konspekt
|
| 080 |
|
|
|a 728.81/.82(084.12)
|2 2. slo
|
| 080 |
|
|
|a 728.81
|2 1981
|
| 080 |
|
|
|a 728.82
|2 1981
|
| 080 |
|
|
|a (084.12)
|2 1981
|
| 100 |
1 |
|
|a Bárta, Vladimír,
|d 1939-
|4 pht
|9 117674
|
| 245 |
1 |
|
|a Slovenské hrady
|c Vladimír Bárta, Vladimír Barta
|
| 246 |
1 |
0 |
|a Slovak castles
|
| 246 |
1 |
1 |
|a Slovak castles
|
| 250 |
|
|
|a [1. vyd.]
|
| 260 |
|
|
|a Slovenská Ľupča
|b AB ART press
|c [2003]
|
| 300 |
|
|
|a 160 s.
|b fareb. fotogr.
|c 33 cm
|
| 500 |
|
|
|a Fareb. ilustr. na tit. strane. Súbež. text angl.
|
| 650 |
0 |
7 |
|a hrady
|2 SNKPH
|9 3039
|
| 650 |
0 |
7 |
|a zámky
|2 SNKPH
|9 3041
|
| 655 |
|
7 |
|a obrazové publikácie
|2 SNKPH
|9 70343
|
| 655 |
|
7 |
|a fotografické publikácie
|2 SNKPH
|9 70483
|
| 700 |
1 |
|
|a Barta, Vladimír,
|d 1974-
|4 aut
|4 pht
|9 42736
|
| 919 |
|
|
|a 80-88817-39-0
|
| 968 |
|
|
|d 71/72
|
| 999 |
|
|
|c 1111030
|d 1112960
|
| 952 |
|
|
|t P60, <03>, [BOOK], {603}
|a SNK
|b SNK
|y PREZ
|7 0
|p 17A0412142
|o snkSB 67982
|i snkKSP 1360/2004
|0 0
|1 0
|4 0
|d 2004-02-02
|f 1
|l 0
|r 2025-04-16 00:00:00
|w 2026-02-24
|
| 952 |
|
|
|a SNK
|b SNK
|y VYP
|7 0
|p 17A0585206
|o snkSB 67982 D1
|i snkKSP 4151/2004
|8 0
|0 0
|1 0
|4 0
|d 2004-03-18
|l 0
|r 2005-01-02 00:00:00
|w 2026-02-24
|
| 952 |
|
|
|t snkBAR 728.81(437.6)
|a SNKUST
|b SNKUST
|y PREZ
|7 0
|p 17A0439996
|o snkSB 67982 D2
|i snkK 924/2004
|8 3
|g 34.82
|0 0
|1 0
|4 0
|d 2004-08-24
|l 0
|r 2025-04-29 00:00:00
|w 2026-02-24
|